| 000 | 00744nam a22001577a 4500 | ||
|---|---|---|---|
| 003 | OSt | ||
| 005 | 20150917154209.0 | ||
| 008 | 150917b xxu||||| |||| 00| 0 eng d | ||
| 040 | _cRUA | ||
| 082 | _aAGR LOE 2004 B031 Or.1 | ||
| 100 |
_9692 _aLOEUNG, KIMSOUR. |
||
| 245 | _aYield comparison of lettuce varueties under condition of crop research station of the royal university of agriculture ការប្រៀបធៀបទិន្នផលពូជសាលាដក្នុងលក្ខខណ្ឌស្ថានីយ៍ពិសោធន៍ដំណាំនៃសាកលវិទ្យាល័យភូមិន្ទកសិកម្ម | ||
| 260 |
_aPhnom Penh _bRUA _c2004 |
||
| 300 |
_a44p. _bill. _c29cm. |
||
| 942 |
_2ddc _cAGR |
||
| 999 |
_c667 _d667 |
||